MLB経験のある現役NPB選手(2026) - Statistics

General Stats
  • This quiz has been taken 62 times
  • The average score is 32 of 65
Answer Stats
現所属 MLB歴 選手名 % Correct
ヤクルト PIT(2017~20) ホセ・オスナ
78%
ソフトバンク TOR(2015~18)HOU(2018~20) ロベルト・オスナ
78%
日本ハム TEX(2021~22) 有原航平
78%
DeNA OAK(2023)BAL(2023) 藤浪晋太郎
76%
ヤクルト HOU(2014~15)MIL(2015~18) SEA(2019) CLE(2020) ドミンゴ・サンタナ
76%
日本ハム SD(2018~19)CLE(2019~22)
CHC(2022) KC(2023)
フランミル・レイエス
76%
ロッテ CIN(2013~14) ネフタリ・ソト
76%
巨人 NYY(2014~20) 田中将大
73%
DeNA TB(2020~21)
LAD(2021) PIT(2021~22)
筒香嘉智
71%
巨人 LAA(2023)HOU(2024) トレイ・キャベッジ
71%
広島 TEX(2024) サンドロ・ファビアン
71%
ソフトバンク BOS(2024) 上沢直之
71%
楽天 LAD(2016~19)MIN(2020~23) DET(2024~25) 前田健太
71%
ロッテ PIT(2014~21) グレゴリー・ポランコ
71%
楽天 STL(2017~18)NYY(2019~21) SD(2022) WSH(2022) MIL(2022) ルーク・ボイト
69%
西武 BAL(21~22)DET(2023) OAK(2025) タイラー・ネビン
69%
ソフトバンク BOS(2019~22) ダーウィンゾン・ヘルナンデス
64%
中日 SF(2021~22)CIN(2023) SEA(2024) ジェイソン・ボスラー
62%
広島 COR(2022~24) エレフリス・モンテロ
62%
ロッテ LAD(2021~23)PIT(2023) アンドレ・ジャクソン
62%
DeNA CWS(2010~14) ダヤン・ビシエド
60%
中日 KC(2015)SF(2017) オルランド・カリステ
60%
広島 CIN(2020~21) 秋山翔吾
60%
阪神 CHC(2011~13)TOR(2020~21) ラファエル・ドリス
58%
オリックス KC(2017)WSH(2021~23) アンドレス・マチャド
58%
DeNA ARI(2019,21) ジョン・デュプランティエ
53%
中日 MIN(2015~22)LAA(2024) ミゲル・サノー
53%
オリックス ARI(2018~19)SEA(2020) 平野佳寿
53%
阪神 PIT(2025) キャム・ディベイニー
51%
中日 NYY(2020~21)TEX(2022) KC(2022) NYY(2022~2023) アルベルト・アブレウ
51%
ヤクルト MIA(2019)
LAA(2020~25)
ホセ・キハダ
49%
西武 SD(2018~19)DET(2023) BOS(2024) CHC(2024) トレイ・ウィンゲンター
49%
ソフトバンク BOS(2022)WSH(2023) ジーター・ダウンズ
47%
DeNA ARI(2022)SEA(2023) HOU(2024) BAL(2025) HOU(2025) クーパー・ヒュンメル
44%
巨人 WSH(2021) アルベルト・バルドナード
44%
巨人 BOS(2020~24) CWS(2025) ボビー・ダルベック
44%
中日 ATL(2021~22)OAK(2023~24) カイル・マラー
42%
楽天 CLE(2022~23)SD(2025) オスカー・ゴンザレス
42%
楽天 MIN(2025) カーソン・マッカスカー
42%
DeNA SD(2024~25) ショーン・レイノルズ
40%
日本ハム PIT(2021~23)PHI(2023) ロドルフォ・カストロ
40%
オリックス TB(2025) ボブ・シーモア
40%
中日 MIA(2020)ARI(2021) ウンベルト・メヒア
38%
広島 TEX(2019~23)ATL(2023) KC(2023) テイラー・ハーン
38%
オリックス SD(2016~20)MIL(2022) ルイス・ペルドモ
38%
阪神 BAL(2025) カーソン・ラグズデール
36%
阪神 CIN(2021~22)PIT(2023,25) ダウリ・モレッタ
36%
巨人 HOU(2024~25)TB(2025) フォレスト・ウィットリー
36%
広島 ATL(2022)OAK(2023) MIA(2025) フレディ・ターノック
36%
西武 CHC(2023~24)PIT(2025) アレクサンダー・カナリオ
36%
阪神 OAK(2023~24)DET(2024) TOR(2024~25) イーストン・ルーカス
33%
DeNA SD(2017)CWS(2018~23) ARI(2023) PHI(2024~25) ATL(2025) ホセ・ルイーズ
33%
オリックス CHC(2022) アンダーソン・エスピノーザ
33%
巨人 PHI(2020~21)TEX(2021~2023) SF(2024) CLE(2024) スペンサー・ハワード
31%
DeNA KC(2023)ATL(2025) オースティン・コックス
29%
西武 MIA(2024) エマニュエル・ラミレス
29%
ロッテ SF(2021~22)OAK(2023) KC(2024~25) サム・ロング
29%
ヤクルト LAA(2022) ナッシュ・ウォルターズ
27%
オリックス SF(2022~25) ショーン・ジェリー
27%
楽天 MIA(2015~2020)DET(2021) MIL(2022) COR(2022~23) CWS(2023) TEX(2024) NYM(2025) TOR(2025) LAD(2025) MIN(2025) LAA(2025) ホセ・ウレーニャ
27%
ロッテ SD(2018~19,22~23)ARI(2025) NYM(2025) SEA(2025) BAL(2025) ホセ・カスティーヨ
27%
日本ハム SEA(2025)WSH(2025) サウリン・ラオ
24%
西武 ATL(2023~24)NYY(2025) アラン・ワイナンス
22%
巨人 TOR(2019) エルビス・ルシアーノ
20%
楽天 PIT(2021~24)LAA(2024) BAL(2025) COR(2025) ロアンシー・コントレラス
18%
No matching quizzes found
Score Distribution
Percent of People with Each Score
Percentile by Number Answered
Your Score History
You have not taken this quiz